000 00595nam a2200241 a 4500
001 nice12345678
003 IN_TiNIC
005 20260116013922.0
008 050524s1995 dela grp 000 0 eng
020 _a
_c475
082 0 0 _a340.59
_bMAH2
100 _aMahmood, Tahir
245 _aStatute Law Relating to Muslims in India
260 _aDelhi
_bInstitute of Objective Studies
_c1995
300 _a470p
500 _aincludes index and biblioraphy
505 2 _aIndex
650 _aIslamic-Law
700 1 _aMahmood, Tahir
902 _bSRS
942 _cBK
999 _c13103
_d13103